000 00756cam a22001815a 4500
001 L155877
008 120418s1846 xxk f 000 0 eng d
035 _a(Sirsi) u155877
041 0 _aeng
100 1 _aHoppus, E.
_q(Edward)
_dd. 1739
245 0 0 _aPractical measuring made easy, by a new set of tables
_bWhich show at sight, the solid or superficial content (and consequently the value) of any piece or quantity of squared or round timber ... With a copious introductory explanation of the several tables ...
260 _aDerby
_bHenry Mozley and Sons
_c1846
300 _alvi, 235 p.
_bfront
_c22 x 10 cm.
583 _aCondition reviewed
_c20120620
_lcondition level 1
651 4 _aGreat Britain
_y1707-
690 _aMeasurement
_96256
942 _n0
999 _c113890
_d113890